zpět

Detail výsledku týmu

Casa Di Marco, Kosmonosy

Datum a čas kvízu

39 Celkem bodů Celkový počet nahraných bodů na tomto kvízu bez doplňovacích otázek.
2. Pořadí na kvízu Konečné umístění týmu na tomto kvízu.

Zaznamenané odpovědi

# Otázka Odpověď Body Výsledky
1. Prezidentská kancelář zveřejni... špatná akustika 1
2. Radní jednoho evropského města... Benátky 1
3. Pravděpodobnou podobu významné... sv. Vojtěch (Adalbert) 1
4. Minulý týden jsme se dozvěděli... Datart 1
5. Který český hokejista v úterý... Jakub Voráček 1
6. Sugo all'amatriciana patří mez... guanciale; pecorino 1
7. Napište zakrytou značku zobraz... Kikkoman 1
8. Když se řekne omáčka, určitě s... 15 0
9. Město Worcester dalo jméno jed... C; ločidlo 0.5
10. Jak se označuje tato jednoduch... velouté 1